[Event "USA T Midwest"]
[Site "Chicago"]
[Date "2001.02.19"]
[Round "5"]
[White "Langreck, John"]
[Black "Ashuev, Yuri"]
[Result "0-1"]
[WhiteElo "2215"]
[BlackElo "2200"]
[PlyCount "68"]
[EventDate "2001.01.19"]
[EventType "team"]
[EventRounds "6"]
[EventCountry "USA"]
[SourceTitle "EXT 2006"]
[Source "ChessBase"]
[SourceDate "2005.11.24"]
[SourceVersion "1"]
[SourceVersionDate "2005.11.24"]
[SourceQuality "1"]

1. e4 e6 2. d4 d5 3. Nc3 Bb4 4. e5 c5 5. a3 Bxc3+ 6. bxc3 Qc7 7. Nf3 b6 8. a4 Ba6 9. Bb5+ Bxb5 10. axb5 Nd7 11. 0-0 Ne7 12. Ng5 h6 13. Qh5 0-0 14. Nh3 cxd4 15. Ba3 Rfe8 16. Bxe7 Rxe7 17. cxd4 Nf8 18. f4 Qxc2 19. g4 Qe4 20. Rad1 Rc8 21. f5 Rc2 22. Nf4 Qe3+ 23. Kh1 Rf2 24. f6 Qxf4 25. Rxf2 Qxf2 26. fxe7 Qf3+ 27. Kg1 Qxd1+ 28. Kg2 Qe2+ 29. Kg1 Qxb5 30. exf8Q+ Kxf8 31. Qh4 Qb1+ 32. Kg2 Qc2+ 33. Kg1 Qc1+ 34. Kg2 Qg5 0-1